000 00473nam a2200205Ia 4500
003 0100
008 130303s9999 xx 000 0 und d
020 _a0415905230
040 _cARRUPELIB
050 _aB2430.174C47 1994
100 _aChanter, Tina
245 _aEthics of eros
245 _bIrigaray's rewriting of the philosophers
260 _aLondon
260 _bRoutledge
260 _C1994
300 _a345p.24cm
700 _aTina Chanter
942 0 0 _03
999 _c13730
_d13730